[Event "Test SRR"]
[Site "SchemingMind.com"]
[Date "2014.03.06"]
[Round "-"]
[White "Phillip Beckett"]
[Black "Robert Pallett"]
[Result "0-1"]
[WhiteCountry "ENG"]
[BlackCountry "ENG"]
[WhiteElo "1517"]
[WhiteRD "50"]
[BlackElo "2395"]
[BlackRD "91"]
[GameID "349036"]

1. e4 e5 2. Nf3 Nc6 3. Bb5 a6 4. Bxc6 dxc6 5. d4 Bg4 6. dxe5 Qxd1+ 7. Kxd1 O-O-O+ 8. Ke2 f6 9. exf6 Nxf6 10. Nd2 Re8
11. h3 Bf5 12. Re1 Nxe4 13. Nxe4 Bxe4 14. c3 Bxf3+ 15. Kxf3 Rxe1
0-1

[Event "Test SRR"]
[Site "SchemingMind.com"]
[Date "2014.03.06"]
[Round "-"]
[White "ampp"]
[Black "Phillip Beckett"]
[Result "0-1"]
[WhiteCountry "POR"]
[BlackCountry "ENG"]
[WhiteElo "1287"]
[WhiteRD "67"]
[BlackElo "1517"]
[BlackRD "50"]
[GameID "349037"]

1. e4 e5 2. Nf3 Nc6 3. d4 exd4 4. Nxd4 Bc5 5. Be3 Qf6 6. Nc3 Nge7 7. Be2 Nxd4 8. O-O Nxe2+ 9. Qxe2 Bxe3 10. Qxe3 d6
11. Nd5 Nxd5 12. exd5+ Qe5 13. Qxe5+ dxe5 14. Rfe1 f6 15. c4 Bf5 16. f3 O-O-O 17. Rad1 Rd6 18. c5 Rdd8 19. b4 Bc2 20. Rd2 Ba4
21. d6 cxd6 22. cxd6 Rd7 23. a3 Rhd8 24. Rd5 Rxd6 25. Rc5+ Rc6 26. Ra5 Ra6 27. Rc5+ Rc6 28. Rxc6+ Bxc6 29. Rc1 Kb8 30. Kf2 Rd2+
31. Kf1 Bb5+ 32. Kg1 Ba4 33. h3 Rd1+ 34. Rxd1 Bxd1
0-1

[Event "Test SRR"]
[Site "SchemingMind.com"]
[Date "2014.03.06"]
[Round "-"]
[White "Robert Pallett"]
[Black "ampp"]
[Result "1-0"]
[WhiteCountry "ENG"]
[BlackCountry "POR"]
[WhiteElo "2395"]
[WhiteRD "91"]
[BlackElo "1287"]
[BlackRD "67"]
[GameID "349038"]

1. e4 d6 2. d4 Nf6 3. Nc3 g6 4. f4 Bg7 5. Nf3 O-O 6. Bd3 Na6 7. O-O c5 8. d5 e6 9. dxe6 Bxe6 10. f5 gxf5
11. exf5 Bd7 12. Bxa6 bxa6 13. Qxd6 Bxf5 14. Qxc5 Bxc2 15. Bg5 h6 16. Rac1 Rc8 17. Bxf6 Bxf6 18. Qxa7 Bd3 19. Rfd1 Bg5 20. Nxg5 hxg5
21. Rd2 Rc7 22. Qf2 f5 23. Rcd1 Rd7 24. Na4 f4 25. Nc5 Bb5 26. Nxd7 Bxd7 27. Rxd7
1-0

[Event "Test SRR"]
[Site "SchemingMind.com"]
[Date "2014.03.06"]
[Round "-"]
[White "Clive Everill"]
[Black "Robert Pallett"]
[Result "0-1"]
[WhiteCountry "CZE"]
[BlackCountry "ENG"]
[WhiteElo "1674"]
[WhiteRD "54"]
[BlackElo "2395"]
[BlackRD "91"]
[GameID "349039"]

1. d4 Nf6 2. f3 d5 3. e4 dxe4 4. Nc3 exf3 5. Nxf3 Bg4 6. Bc4 e6 7. O-O c6 8. Bg5 Nbd7 9. Qe1 h6 10. Bh4 Nb6
11. Be2 Bxf3 12. Bxf6 Qxf6 13. Rxf3 Qxd4+ 14. Kh1 Bd6 15. Rd3 Qe5 16. g3 O-O-O 17. Rad1 Nc4 18. Rb1 h5 19. Qf2 h4 20. g4 f5
21. g5 Bc5 22. Rxd8+ Kxd8 23. Qg2 Ne3 24. Qf3 Ng4 25. Rd1+ Kc8 26. Qg2 Nf2+
0-1

[Event "Test SRR"]
[Site "SchemingMind.com"]
[Date "2014.03.06"]
[Round "-"]
[White "Clive Everill"]
[Black "Phillip Beckett"]
[Result "1-0"]
[WhiteCountry "CZE"]
[BlackCountry "ENG"]
[WhiteElo "1674"]
[WhiteRD "54"]
[BlackElo "1517"]
[BlackRD "50"]
[GameID "349040"]

1. Nf3 Nf6 2. d4 d5 3. c4 e6 4. g3 Be7 5. Bg2 O-O 6. Qc2 c6 7. O-O Nbd7 8. b3 Bd6 9. Bb2 Re8 10. Nbd2 dxc4
11. Nxc4 Bc7 12. Rad1 Qe7 13. e4 c5 14. dxc5 Nxc5 15. e5 Nd5 16. a3 b6 17. Nd4 Bb7 18. Nb5 a6 19. Nxc7 Qxc7 20. Nd6 Red8
21. Nxb7 Nxb7 22. Qxc7 Nxc7 23. Bxb7 Rab8 24. Bc6 b5 25. Rd7 Rxd7 26. Bxd7 Rd8 27. Bc6 Nd5 28. Rd1 Kf8 29. Bd4 Nc3 30. Bc5+ Kg8
31. Rxd8#
1-0

[Event "Test SRR"]
[Site "SchemingMind.com"]
[Date "2014.03.07"]
[Round "-"]
[White "ampp"]
[Black "Clive Everill"]
[Result "0-1"]
[WhiteCountry "POR"]
[BlackCountry "CZE"]
[WhiteElo "1287"]
[WhiteRD "67"]
[BlackElo "1674"]
[BlackRD "54"]
[GameID "349041"]

1. d4 d5 2. c4 c6 3. cxd5 Qxd5 4. Nc3 Qa5 5. Nf3 Nf6 6. Bd2 Qd8 7. e4 Bg4 8. h3 Bh5 9. Be3 e6 10. g4 Bg6
11. Bd3 Bb4 12. Qd2 Bxe4 13. Bxe4 Nxe4 14. Qd3 Nxc3 15. bxc3 Be7 16. O-O O-O 17. Rab1 b6 18. a4 Nd7 19. Rfd1 f5 20. Ne5 Nxe5
21. dxe5 fxg4 22. Qxd8 Rfxd8 23. Rd4 gxh3 24. Rxd8+ Rxd8 25. Kh2 Rd5 26. Bd4 c5 27. Be3 Rxe5 28. Kxh3 Re4 29. Kg3 Rxa4 30. f3 Ra3
31. Bd2 Bf6 32. Rc1 b5 33. Rb1 a6 34. Kf4 Bxc3 35. Be3 e5+ 36. Ke4 c4 37. Bc1 Ra2 38. Be3 b4 39. Kd5 a5 40. Kxc4 a4
41. Bc1 Rf2 42. Ba3 bxa3 43. Kxc3 Rxf3+ 44. Kb4 h5 45. Kxa4 h4 46. Rh1 h3
0-1

[Event "Test SRR"]
[Site "SchemingMind.com"]
[Date "2014.03.07"]
[Round "-"]
[White "Raimondi"]
[Black "Robert Pallett"]
[Result "0-1"]
[WhiteCountry "PER"]
[BlackCountry "ENG"]
[WhiteElo "1769"]
[WhiteRD "86"]
[BlackElo "2356"]
[BlackRD "85"]
[GameID "349052"]

1. d4 Nf6 2. c4 g6 3. Nc3 Bg7 4. e4 d6 5. Nf3 O-O 6. Be2 e5 7. O-O Nc6 8. d5 Ne7 9. b4 Nh5 10. Re1 f5
11. Ng5 Nf6 12. Bf3 c6 13. Be3 h6 14. Ne6 Bxe6 15. dxe6 f4 16. Bc1 Nc8 17. b5 Qe7 18. bxc6 bxc6 19. c5 Qxe6 20. Ba3 Rd8
21. Qd3 Bf8 22. Bd1 Qe8 23. Bb3+ Kh7 24. Rad1 Nb6 25. cxd6 Nc8 26. Ba4 Nxd6 27. Qa6 Rac8 28. f3 Kg7 29. Rc1 Nf7 30. Bb3 Bxa3
31. Qxa3 Rd7 32. Na4 Nd6 33. Nc5 Re7 34. Nd3 Nb5 35. Qb2 Nd4 36. Ba4 Rd7 37. Rc5 Nxf3+ 38. gxf3 Rxd3 39. Rxe5 Qd8 40. Re2 Qb6+
41. Qxb6 axb6
0-1

[Event "Test SRR"]
[Site "SchemingMind.com"]
[Date "2014.03.07"]
[Round "-"]
[White "Clive Everill"]
[Black "Raimondi"]
[Result "0-1"]
[WhiteCountry "CZE"]
[BlackCountry "PER"]
[WhiteElo "1723"]
[WhiteRD "54"]
[BlackElo "1769"]
[BlackRD "86"]
[GameID "349053"]

1. e4 e5 2. f4 exf4 3. Nf3 g5 4. h4 g4 5. Ne5 Nf6 6. d4 d6 7. Nd3 Nxe4 8. Bxf4 Bg7 9. Nc3 Nxc3 10. bxc3 O-O
11. Be2 Re8 12. g3 Qe7 13. Bd2 Nc6 14. Rb1 b6 15. Nf4 Qe4 16. O-O f5 17. Bd3 Qe7 18. Nd5 Qf7 19. Bc4 Be6 20. Nxc7 Bxc4
21. Nxe8 Bxf1 22. Nxg7 Bc4 23. Nxf5 Qxf5 24. Bf4 Re8 25. Bxd6 Re2 26. Bf4 Qd5 27. Qf1 Rxc2 28. Qe1 Qg2#
0-1

[Event "Test SRR"]
[Site "SchemingMind.com"]
[Date "2014.03.07"]
[Round "-"]
[White "ampp"]
[Black "Raimondi"]
[Result "1-0"]
[WhiteCountry "POR"]
[BlackCountry "PER"]
[WhiteElo "1371"]
[WhiteRD "76"]
[BlackElo "1732"]
[BlackRD "91"]
[GameID "349054"]

1. e4 e5 2. Nf3 Nc6 3. Bb5 a6 4. Ba4 Nf6 5. Nc3 b5 6. Bb3 Be7 7. Nd5 d6 8. Nxe7 Qxe7 9. O-O Bg4 10. h3 Bh5
11. c3 O-O 12. d3 Na5 13. Bc2 c5 14. g4 Bg6 15. g5 Nh5 16. Nh4 f6 17. Nxg6 hxg6 18. h4 Qe6 19. Qf3 fxg5 20. Qe2 gxh4
21. Bg5 Nf4 22. Bxf4 Rxf4 23. f3 Raf8 24. Qg2 Nc6 25. Bb3 c4 26. dxc4 bxc4 27. Ba4 Na5 28. Rf2 Nb7 29. b3 Nc5 30. Bc6 Kh7
31. Bd5
1-0

[Event "Test SRR"]
[Site "SchemingMind.com"]
[Date "2014.03.07"]
[Round "-"]
[White "Phillip Beckett"]
[Black "Raimondi"]
[Result "1-0"]
[WhiteCountry "ENG"]
[BlackCountry "PER"]
[WhiteElo "1562"]
[WhiteRD "48"]
[BlackElo "1769"]
[BlackRD "86"]
[GameID "349055"]

1. e4 e5 2. Nf3 Nc6 3. Bb5 a6 4. Ba4 Nf6 5. O-O Be7 6. Re1 b5 7. Bb3 d6 8. d3 O-O 9. c3 Na5 10. Bc2 c5
11. h3 Nc6 12. Nbd2 Re8 13. Nf1 h6 14. Ng3 Be6 15. a4 Qd7 16. Kh2 Na5 17. axb5 axb5 18. Be3 Nc6 19. Qd2 Ra7 20. Reb1 Rea8
21. Qc1 Ra5 22. Rxa5 Rxa5 23. Ra1 Qa7 24. Rxa5 Qxa5 25. Qb1 Qa6 26. b3 b4 27. c4 Kh8 28. Qb2 Qa3 29. Bc1 Qxb2 30. Bxb2 Bd8
31. Nh4 Nd4 32. Bxd4 exd4 33. Ngf5 Bc7 34. Ne7 g6 35. Nd5 Nxd5 36. exd5 Bd7 37. Nf3 Kg7 38. g4 f5 39. gxf5 Bxf5 40. Nh4 Bd7
41. Nf3 Bd8 42. Kg3
1-0

[Event "Test SRR"]
[Site "SchemingMind.com"]
[Date "2014.03.07"]
[Round "-"]
[White "Raimondi"]
[Black "Don71"]
[Result "0-1"]
[WhiteCountry "PER"]
[BlackCountry "NIR"]
[WhiteElo "1769"]
[WhiteRD "86"]
[BlackElo "2257"]
[BlackRD "97"]
[GameID "349067"]

1. e4 e5 2. Nf3 Nc6 3. Bb5 a6 4. Ba4 Nf6 5. O-O b5 6. Bb3 d6 7. c3 Be7 8. Re1 O-O 9. h3 Na5 10. Bc2 c5
11. d4 cxd4 12. cxd4 Bb7 13. d5 Rc8 14. Nbd2 Qc7 15. Bd3 Nd7 16. Nf1 f5 17. exf5 Nc4 18. Ne3 Nxe3 19. Bxe3 Bxd5 20. Ng5 Bxg5
21. Bxg5 Qb7 22. Qg4 a5 23. Be7 Nf6 24. Bxf6 Rxf6 25. Rad1 Bxa2 26. Be4 d5 27. Bb1 Bxb1 28. Rxb1 e4 29. Re2 Rcf8 30. Rd1 Rxf5
31. Rd4 Qc7
0-1

[Event "Test SRR"]
[Site "SchemingMind.com"]
[Date "2014.03.11"]
[Round "-"]
[White "Robert Pallett"]
[Black "Don71"]
[Result "1-0"]
[WhiteCountry "ENG"]
[BlackCountry "NIR"]
[WhiteElo "2356"]
[WhiteRD "85"]
[BlackElo "2257"]
[BlackRD "97"]
[GameID "349068"]

1. e4 e5 2. Nf3 Nc6 3. Bb5 a6 4. Ba4 Nf6 5. O-O b5 6. Bb3 Bb7 7. d3 Bc5 8. Nc3 O-O 9. a4 Nd4 10. Nxe5 Nxb3
11. cxb3 b4 12. Ne2 d5 13. d4 Bd6 14. Nxf7 Rxf7 15. e5 Bf8 16. exf6 Qxf6 17. Bf4 c5 18. Be5 Qh6 19. Rc1 Re8 20. Re1 a5
21. Ng3 Rc8 22. Re3 Qg6 23. dxc5 Rxc5 24. Rxc5 Bxc5 25. Bd4 Bf8 26. h3 Qc6 27. Qe2 Rf4 28. Qd2 Rf7 29. Qe1 Rf4 30. Re6 Qd7
31. Bxg7 Qxg7 32. Nh5 Qd4 33. Nxf4 Qxf4 34. Rb6 Qc7 35. Qe6+ Kg7 36. Qf6+ Kg8 37. Qg5+ Bg7 38. Re6 Kf8 39. Re2 h6 40. Qe3 Qd8
41. Qf3+ Kg8 42. Qh5 Qf6 43. Qe8+ Kh7 44. Qe7 Qxe7 45. Rxe7 Bc8 46. Ra7 d4 47. Rxa5 Be6 48. Ra8 Bxb3 49. a5 Bd5 50. Rd8 Bc4
51. b3 Bxb3 52. a6
1-0

[Event "Test SRR"]
[Site "SchemingMind.com"]
[Date "2014.03.11"]
[Round "-"]
[White "Clive Everill"]
[Black "Don71"]
[Result "0-1"]
[WhiteCountry "CZE"]
[BlackCountry "NIR"]
[WhiteElo "1674"]
[WhiteRD "55"]
[BlackElo "2249"]
[BlackRD "99"]
[GameID "349069"]

1. d4 Nf6 2. c4 e6 3. Nf3 d5 4. g3 dxc4 5. Bg2 Bb4+ 6. Bd2 a5 7. Qc2 O-O 8. Qxc4 b6 9. Bxb4 Ba6 10. Qb3 axb4
11. Qxb4 Nc6 12. Qd2 Qe8 13. Ne5 Nxe5 14. Bxa8 Qxa8 15. O-O Bxe2 16. Qxe2 Nf3+
0-1

[Event "Test SRR"]
[Site "SchemingMind.com"]
[Date "2014.03.07"]
[Round "-"]
[White "Phillip Beckett"]
[Black "Don71"]
[Result "0-1"]
[WhiteCountry "ENG"]
[BlackCountry "NIR"]
[WhiteElo "1553"]
[WhiteRD "49"]
[BlackElo "2249"]
[BlackRD "99"]
[GameID "349070"]

1. e4 e5 2. Nf3 Nc6 3. Bb5 Nf6 4. Bxc6 dxc6 5. Qe2 Bd6 6. O-O Bg4 7. h3 Bh5 8. d3 Nd7 9. Nbd2 O-O 10. Re1 Qf6
11. Nf1 Bxf3 12. Qxf3 Qxf3 13. gxf3 f5 14. Ng3 f4 15. Nf5 Bc5 16. c3 g6 17. Nh6+ Kg7 18. Ng4 h5 19. Nh2 Nb6 20. Kg2 Rad8
21. b4 Be7 22. Rd1 Na4 23. d4 Nxc3 24. Rd3 Bxb4 25. Bb2 exd4 26. Bxc3 dxc3 27. Rxd8 Rxd8 28. Rc1 Rd2 29. Nf1 Rxa2
0-1

[Event "Test SRR"]
[Site "SchemingMind.com"]
[Date "2014.03.07"]
[Round "-"]
[White "Don71"]
[Black "ampp"]
[Result "1-0"]
[WhiteCountry "NIR"]
[BlackCountry "POR"]
[WhiteElo "2249"]
[WhiteRD "99"]
[BlackElo "1309"]
[BlackRD "70"]
[GameID "349071"]

1. e4 e6 2. d4 d5 3. Nc3 Nf6 4. Bg5 h6 5. Bxf6 Qxf6 6. Nf3 Nc6 7. exd5 exd5 8. Nxd5 Qd6 9. Nc3 Be7 10. d5 Ne5
11. Bb5+ Bd7 12. O-O Bxb5 13. Nxb5 Qb6 14. Nxe5 Qxb5 15. c4 Qxb2 16. Qa4+ Kf8 17. Rfe1 f6 18. Ng6+ Kg8 19. Rab1 Qd2 20. Rbd1 Qb4
21. Nxe7+
1-0

[Event "Test SRR"]
[Site "SchemingMind.com"]
[Date "2014.03.07"]
[Round "-"]
[White "Chessibelle"]
[Black "Phillip Beckett"]
[Result "0-1"]
[WhiteCountry "ENG"]
[BlackCountry "ENG"]
[WhiteElo "1189"]
[WhiteRD "58"]
[BlackElo "1517"]
[BlackRD "50"]
[GameID "349098"]

1. Nf3 Nf6 2. d4 d5 3. Nc3 e6 4. e3 Be7 5. Ne5 Nbd7 6. Bb5 O-O 7. O-O c6 8. Bd3 Nxe5 9. g3 Nxd3 10. Qxd3 Bd6
11. a3 e5 12. b4 e4 13. Qd2 Bh3 14. Re1 Ng4 15. Ne2 Qf6 16. Nf4 Qh6 17. c3 Bf1 18. h4 Bxf4 19. exf4 Rae8 20. Kxf1 e3
21. fxe3 Qg6 22. Ke2 Nf6 23. Rf1 Qe4 24. Rf3 Qg6 25. Qb2 Ne4 26. Qb3 Nxg3+ 27. Kf2 Ne4+ 28. Ke2 Qg2+ 29. Kd3 Qxf3 30. Bb2 Nf2+
31. Kc2 Qe4+ 32. Kc1 Nd3+ 33. Kd2 Qxe3+ 34. Kc2 Ne1+ 35. Kb1 Qd3+ 36. Ka2 Qc4 37. Rd1 Nc2 38. Bc1 Re2 39. Bd2 Ne3 40. Kb2 Nxd1+
41. Qxd1 Rfe8 42. Kc2 R8e3 43. Kc1 Rxc3+
0-1

[Event "Test SRR"]
[Site "SchemingMind.com"]
[Date "2014.03.07"]
[Round "-"]
[White "Raimondi"]
[Black "Chessibelle"]
[Result "1-0"]
[WhiteCountry "PER"]
[BlackCountry "ENG"]
[WhiteElo "1786"]
[WhiteRD "85"]
[BlackElo "1182"]
[BlackRD "57"]
[GameID "349099"]

1. e4 e5 2. f4 Nc6 3. Nf3 d6 4. Bc4 h6 5. O-O Nf6 6. Nc3 b6 7. fxe5 dxe5 8. d3 Nd4 9. Nxe5 Be6 10. Bf4 g5
11. Bg3 Bc5 12. Kh1 Bg4 13. Qd2 O-O 14. Nd5 Nh5 15. Nxg4 a6 16. Be5 Ne6 17. Ndf6+ Nxf6 18. Nxf6+ Kg7 19. Nd7+ Kg8 20. Nxf8 Qxf8
21. Bxe6 Kh7 22. Rxf7+
1-0

[Event "Test SRR"]
[Site "SchemingMind.com"]
[Date "2014.03.07"]
[Round "-"]
[White "Robert Pallett"]
[Black "Chessibelle"]
[Result "1-0"]
[WhiteCountry "ENG"]
[BlackCountry "ENG"]
[WhiteElo "2395"]
[WhiteRD "91"]
[BlackElo "1189"]
[BlackRD "58"]
[GameID "349100"]

1. e4 e5 2. Nf3 Nc6 3. Bc4 h6 4. O-O Nf6 5. d3 Nd4 6. Nxe5 Qe7 7. Bxf7+ Kd8 8. Ng6 Qxf7 9. Nxh8 Qe7 10. e5 Qxe5
11. Nf7+
1-0

[Event "Test SRR"]
[Site "SchemingMind.com"]
[Date "2014.03.07"]
[Round "-"]
[White "Don71"]
[Black "Chessibelle"]
[Result "1-0"]
[WhiteCountry "NIR"]
[BlackCountry "ENG"]
[WhiteElo "2249"]
[WhiteRD "99"]
[BlackElo "1182"]
[BlackRD "57"]
[GameID "349101"]

1. e4 e5 2. Nf3 Nc6 3. d4 Nf6 4. dxe5 Nxe4 5. Qd5 Nd6 6. exd6 Ne7 7. dxe7 Bxe7 8. Bg5 f6 9. Bc4 Rf8 10. Bd2 c6
11. Qh5+ g6 12. Qxh7 d5 13. Qxg6+ Kd7 14. Bf4 b5 15. Qf5+ Ke8 16. Qh5+ Rf7 17. Bd3 Qa5+ 18. c3 Be6 19. Nd4 Kd7 20. Nxe6 Qb6
21. Qxf7 c5 22. Bf5 c4 23. Nd4+
1-0

[Event "Test SRR"]
[Site "SchemingMind.com"]
[Date "2014.03.07"]
[Round "-"]
[White "Chessibelle"]
[Black "Clive Everill"]
[Result "0-1"]
[WhiteCountry "ENG"]
[BlackCountry "CZE"]
[WhiteElo "1189"]
[WhiteRD "58"]
[BlackElo "1674"]
[BlackRD "54"]
[GameID "349102"]

1. Nf3 d5 2. d4 Bg4 3. e3 e6 4. Be2 Nf6 5. Nc3 Nbd7 6. Bd2 c5 7. a3 a6 8. Na4 b5 9. Nc3 Be7 10. b4 cxb4
11. axb4 Bxb4 12. Qb1 Bd6 13. g3 O-O 14. O-O e5 15. Qb3 e4 16. Ne5 Bxe2 17. Nxe2 Nb6 18. Ba5 Qb8 19. c3 Nc4 20. Nf4 Nd2
21. Qc2 Nxf1 22. Kxf1 Bxe5 23. Bb4 Rc8 24. Qb3 Bxf4 25. exf4 Rc4 26. Ba5 Ng4 27. Kg2 e3 28. Qd1 Nxf2 29. Qe2 Qe8 30. Qf3 Nd3
31. Rd1 e2 32. Qxd3 exd1=Q 33. Qxd1 Qe4+ 34. Kh3 Re8 35. Qg4 Rc6 36. Qd7 Rh6+ 37. Kg4 Qe2+ 38. Kg5 Qh5#
0-1

[Event "Test SRR"]
[Site "SchemingMind.com"]
[Date "2014.03.08"]
[Round "-"]
[White "Chessibelle"]
[Black "ampp"]
[Result "1-0"]
[WhiteCountry "ENG"]
[BlackCountry "POR"]
[WhiteElo "1189"]
[WhiteRD "58"]
[BlackElo "1287"]
[BlackRD "67"]
[GameID "349103"]

1. Nf3 Nf6 2. d4 d5 3. e3 Nc6 4. Bb5 Bd7 5. Nc3 a6 6. Bd3 e6 7. e4 dxe4 8. Nxe4 Nxe4 9. Bxe4 Bb4+ 10. c3 Bd6
11. g3 O-O 12. O-O h6 13. Bc2 Re8 14. Qd3 f5 15. g4 Qf6 16. Be3 Rad8 17. a3 e5 18. Rfe1 e4 19. Qc4+ Be6 20. d5 Bxd5
21. Qxd5+ Kh8 22. Qb3 Rb8 23. h3 exf3 24. c4 fxg4 25. hxg4 Bf4 26. Qd3 g6 27. Bd2 Ne5 28. Qd4 Rbd8 29. Qxf4 g5 30. Qxf6+
1-0

[Event "Test SRR"]
[Site "SchemingMind.com"]
[Date "2014.03.07"]
[Round "-"]
[White "maro"]
[Black "Raimondi"]
[Result "0-1"]
[WhiteCountry "MEX"]
[BlackCountry "PER"]
[WhiteElo "1429"]
[WhiteRD "55"]
[BlackElo "1769"]
[BlackRD "86"]
[GameID "349107"]

1. e4 e5 2. Bc4 Nc6 3. Qf3 Nf6 4. b3 Bc5 5. Ba3 Bxa3 6. Nxa3 d6 7. Nh3 O-O 8. O-O Nd4 9. Qe3 Kh8 10. c3 Nc6
11. Nc2 Be6 12. Bxe6 fxe6 13. Ng5 Qe7 14. d4 exd4 15. Nxd4 Nxd4 16. cxd4 Ng4 17. Qd2 e5 18. d5 Nf6 19. Qe3 c6 20. dxc6 bxc6
21. Rac1 Rac8 22. b4 d5 23. exd5 cxd5 24. f4 e4 25. h3 h6 26. Qg3 hxg5 27. fxg5 Nh7 28. g6 Qg5 29. Qd6 Rxc1 30. Rxc1 Qxc1+
31. Kh2 Qf4+ 32. Qxf4 Rxf4 33. gxh7 Kxh7
0-1

[Event "Test SRR"]
[Site "SchemingMind.com"]
[Date "2014.03.07"]
[Round "-"]
[White "maro"]
[Black "Robert Pallett"]
[Result "0-1"]
[WhiteCountry "MEX"]
[BlackCountry "ENG"]
[WhiteElo "1423"]
[WhiteRD "58"]
[BlackElo "2357"]
[BlackRD "88"]
[GameID "349108"]

1. e4 e5 2. Nf3 Nc6 3. Bc4 Bc5 4. c3 Nf6 5. O-O Nxe4 6. d4 d5 7. dxc5 dxc4 8. Qa4 Qd5 9. Rd1 Nxc5 10. Qc2 Nd3
11. Rxd3 cxd3 12. Qa4 f5 13. Bg5 O-O 14. Nbd2 h6 15. Be3 f4 16. c4 Qd6 17. c5 Qd5 18. Nc4 Be6 19. Bd2 Qxc4 20. Qa3 e4
21. b3 Qd5 22. Nh4 e3 23. fxe3 fxe3 24. Bxe3 Qe4 25. Bf2 Rxf2 26. Kxf2 Qxh4+ 27. g3 Qxh2+ 28. Ke3 Qe2+
0-1

[Event "Test SRR"]
[Site "SchemingMind.com"]
[Date "2014.03.08"]
[Round "-"]
[White "Don71"]
[Black "maro"]
[Result "1-0"]
[WhiteCountry "NIR"]
[BlackCountry "MEX"]
[WhiteElo "2249"]
[WhiteRD "99"]
[BlackElo "1423"]
[BlackRD "58"]
[GameID "349109"]

1. e4 e5 2. Nf3 Nc6 3. d4 Qf6 4. d5 Nd4 5. Nxd4 exd4 6. Nd2 Bb4 7. Bc4 Bc5 8. Nb3 Bb4+ 9. Bd2 Bxd2+ 10. Qxd2 c5
11. Nxc5 Ne7 12. Nb3 O-O 13. Qxd4 d6 14. Qxf6 gxf6 15. O-O-O Bg4 16. Rd3 Ng6 17. Rg3 Ne5 18. Be2 h5 19. h3
1-0

[Event "Test SRR"]
[Site "SchemingMind.com"]
[Date "2014.03.10"]
[Round "-"]
[White "maro"]
[Black "Clive Everill"]
[Result "0-1"]
[WhiteCountry "MEX"]
[BlackCountry "CZE"]
[WhiteElo "1423"]
[WhiteRD "58"]
[BlackElo "1674"]
[BlackRD "55"]
[GameID "349110"]

1. e4 e6 2. Nf3 c5 3. Bc4 Nc6 4. O-O a6 5. b3 Nf6 6. e5 Ng4 7. Ba3 Ngxe5 8. Nxe5 Nxe5 9. Be2 d5 10. d4 Nd7
11. Qd2 Be7 12. dxc5 Bxc5 13. Bxc5 Nxc5 14. Qb4 Qc7 15. Nd2 O-O 16. Nf3 b6 17. Qh4 Bb7 18. Nd4 e5 19. Nf5 Ne4 20. Ne7+ Kh8
21. Bd3 Rfe8 22. Bxe4 dxe4 23. Nf5 Re6 24. Qg4 Rg6 25. Qe2 a5 26. Rad1 e3 27. fxe3 Rxg2+ 28. Qxg2 Bxg2 29. Kxg2 Qxc2+ 30. Kf3 e4+
31. Kf4 h6 32. Rc1 g5+ 33. Ke5 Re8+ 34. Kd5 Qd3+ 35. Kc6 Re6+ 36. Kb7 Qd5+ 37. Ka6 Qa8+ 38. Kb5 Re5+
0-1

[Event "Test SRR"]
[Site "SchemingMind.com"]
[Date "2014.03.07"]
[Round "-"]
[White "maro"]
[Black "Phillip Beckett"]
[Result "0-1"]
[WhiteCountry "MEX"]
[BlackCountry "ENG"]
[WhiteElo "1423"]
[WhiteRD "58"]
[BlackElo "1553"]
[BlackRD "49"]
[GameID "349111"]

1. e4 e5 2. Bc4 Nf6 3. Nc3 Nc6 4. b3 Be7 5. Nf3 O-O 6. O-O d6 7. Bb2 Bg4 8. h3 Bh5 9. d4 Nxd4 10. Be2 Nxf3+
11. Bxf3 Bxf3 12. Qxf3 h6 13. Nb5 a6 14. Nc3 Nh7 15. Nd5 Nf6 16. Rad1 Nxd5 17. exd5 Bf6 18. c3 g6 19. Bc1 Bg7 20. c4 Kh7
21. g3 f5 22. h4 e4 23. Qf4 Qf6 24. f3 exf3 25. Rxf3 Rae8 26. Kh2 Qe5 27. Qd2 Qe2+ 28. Qxe2 Rxe2+ 29. Kh3 Rxa2 30. Re1 Rf7
31. Re8 Ra1 32. Rf1 Bb2 33. Ree1 Rxc1 34. Rxc1 Bxc1 35. Rxc1 Re7 36. Rf1 Re3
0-1

[Event "Test SRR"]
[Site "SchemingMind.com"]
[Date "2014.03.08"]
[Round "-"]
[White "ampp"]
[Black "maro"]
[Result "1-0"]
[WhiteCountry "POR"]
[BlackCountry "MEX"]
[WhiteElo "1287"]
[WhiteRD "67"]
[BlackElo "1406"]
[BlackRD "57"]
[GameID "349112"]

1. e4 e5 2. Nf3 Nc6 3. Bb5 a6 4. Ba4 Qf6 5. O-O Bc5 6. Nc3 Nge7 7. Re1 O-O 8. d3 d6 9. a3 Nd4 10. Bg5 Qe6
11. Nd5 Nxd5 12. Nxd4 Bxd4 13. c3 Bc5 14. exd5 Qxd5 15. c4 Qd4 16. Re2 Bg4 17. Be3 Bxe2 18. Qxe2 Qh4 19. Bxc5 dxc5 20. Qxe5 f6
21. Qxc7 Qd4 22. Qxb7 Rab8 23. Qe4 Qxb2 24. Qe1 Rfd8 25. h3 Rxd3 26. Rd1 Qxa3 27. Bc2 Rd4 28. Ra1 Qb2 29. Ba4 Rxc4 30. Bc6 Kf7
31. Bd5+ Kg6 32. Bxc4 Qc2 33. Bxa6 c4 34. Rc1 Qa4 35. Bxc4 Rc8 36. Bd3+
1-0

[Event "Test SRR"]
[Site "SchemingMind.com"]
[Date "2014.03.07"]
[Round "-"]
[White "Chessibelle"]
[Black "maro"]
[Result "0-1"]
[WhiteCountry "ENG"]
[BlackCountry "MEX"]
[WhiteElo "1189"]
[WhiteRD "58"]
[BlackElo "1406"]
[BlackRD "57"]
[GameID "349113"]

1. Nf3 Nc6 2. d4 d5 3. Nc3 e6 4. e3 g6 5. Bd3 Bh6 6. O-O Nf6 7. a3 O-O 8. Ne2 Re8 9. c3 Bd7 10. Ne5 Nxe5
11. dxe5 Ne4 12. c4 Bc6 13. b4 dxc4 14. Bc2 Qg5 15. Bb2 Nc3 16. f3 Nxd1 17. Raxd1 Qxe3+ 18. Rf2 Bg7 19. Bc1 Qxe5 20. g3 Bb5
21. Bf4 Qb2 22. Be4 c3 23. Rc1 Bxe2 24. Re1 Bd4 25. Rxe2 Qa1+ 26. Kg2 Qxa3 27. Rf1 Rad8 28. Bxc7 Rd7 29. Bf4 Qxb4 30. Kh3 f5
31. Bd3 Kf7 32. g4 Rd5 33. Kh4 Bf6+ 34. g5 Qxf4+ 35. Kh3 Bxg5 36. Bb5 Rxb5 37. Kg2 Rc5
0-1

[Event "Test SRR"]
[Site "SchemingMind.com"]
[Date "2014.03.08"]
[Round "-"]
[White "Raimondi"]
[Black "The Stonewall"]
[Result "0-1"]
[WhiteCountry "PER"]
[BlackCountry "ENG"]
[WhiteElo "1769"]
[WhiteRD "86"]
[BlackElo "2457"]
[BlackRD "91"]
[GameID "349117"]

1. e4 g6 2. d4 Bg7 3. Nc3 c5 4. Nf3 cxd4 5. Nxd4 Nc6 6. Be3 Nf6 7. Bc4 O-O 8. Bb3 a5 9. O-O d6 10. Ndb5 b6
11. a4 Nb4 12. e5 dxe5 13. Qxd8 Rxd8 14. Bxb6 Rd2 15. Rac1 Bf5 16. Na3 Nc6 17. Rfd1 Bh6 18. Rxd2 Bxd2 19. Rd1 Bxc3 20. bxc3 Rb8
21. Nc4 Be6 22. Bc5 Ne4 23. Be3 Nxc3 24. Rd3 Nxa4 25. Bxa4 Rb1+
0-1

[Event "Test SRR"]
[Site "SchemingMind.com"]
[Date "2014.03.08"]
[Round "-"]
[White "Robert Pallett"]
[Black "The Stonewall"]
[Result "0-1"]
[WhiteCountry "ENG"]
[BlackCountry "ENG"]
[WhiteElo "2356"]
[WhiteRD "85"]
[BlackElo "2457"]
[BlackRD "91"]
[GameID "349118"]

1. e4 c6 2. d4 d5 3. Nc3 dxe4 4. Nxe4 Bf5 5. Ng3 Bg6 6. h4 h6 7. h5 Bh7 8. Nf3 Nd7 9. Bd3 Bxd3 10. Qxd3 e6
11. Bf4 Qa5+ 12. Bd2 Bb4 13. c3 Be7 14. c4 Qc7 15. O-O-O Ngf6 16. Ne4 Rd8 17. Be3 c5 18. Nxf6+ Nxf6 19. Kb1 cxd4 20. Nxd4 O-O
21. Qe2 Bc5 22. Nc2 Bxe3 23. Nxe3 Qe5 24. g4 Ne4 25. Ka1 Nc5 26. Rhg1 a5 27. Qf3 a4 28. a3 Rc8 29. Ka2 Rfd8 30. Rxd8+ Rxd8
31. Rd1 Rd4 32. Rxd4 Qxd4 33. Qe2 Kf8 34. Qe1 Nd3 35. Qd2 e5 36. Kb1 e4 37. Ka2 Kg8 38. Qc2 g6 39. Kb1 Nc5 40. Ka2 Qd3
41. Qc1 Nb3 42. Qh1 Nd2 43. Ka1 Kg7 44. c5 Kf6 45. hxg6 fxg6 46. Qe1 Kg5 47. Qh1 Qd4 48. Ka2 Nb3 49. Nd1 Nxc5 50. Nc3 Qc4+
51. Kb1 Qd3+ 52. Ka1 Qf3 53. Nxe4+ Qxe4 54. Qc1+ Kxg4 55. Qxc5 h5 56. Qc1 h4 57. Qd1+ Kh3 58. f3 Qe3 59. Qxa4 g5 60. Qg4+ Kh2
61. Ka2 Qf4 62. Qe6 Qxf3 63. Qe5+ Qg3 64. Qe2+ Qg2 65. Qe5+ Kh3 66. Qe3+ Qg3 67. Qc1 g4 68. Qh1+ Qh2 69. Qxb7 Qg2 70. Qd7 Kh2
71. a4 g3 72. a5 Qe4
0-1